A case presentation approach to group supervision for community college counselors (Record no. 61619)

MARC details
000 -CABECERA
campo de control de longitud fija 00550nam a2200193 a 4500
005 - FECHA Y HORA DE LA ÚLTIMA TRANSACCIÓN
campo de control 20210219152821.0
008 - ELEMENTOS DE LONGITUD FIJA--INFORMACIÓN GENERAL
campo de control de longitud fija 991125n 000 0 eng u
035 ## - NÚMERO DE CONTROL DEL SISTEMA
Número de control de sistema UPN01000062272
100 ## - ASIENTO PRINCIPAL--NOMBRE PERSONAL
Nombre de persona McAuliffe, Garrett J.
222 ## - TÍTULO CLAVE
Título clave COUNSELOR EDUCATION AND SUPERVISION
245 ## - MENCIÓN DE TÍTULO
Título A case presentation approach to group supervision for community college counselors
300 ## - DESCRIPCIÓN FÍSICA
Extensión 163-174
362 ## - FECHAS DE PUBLICACIÓN Y/O DESIGNACIÓN SECUENCIAL
Fecha de publicación y/o designación secuencial 1992 31, no. 3
653 0# - TERMINO DE INDIZACION - NO CONTROLADO
Término no controlado ASESORES
653 0# - TERMINO DE INDIZACION - NO CONTROLADO
Término no controlado CONSEJO AL GRUPO
653 0# - TERMINO DE INDIZACION - NO CONTROLADO
Término no controlado SUPERVISION
904 ## - ELEMENTOS DE DATOS D LOCAL, LDD (RLIN)
a AC
b 000083
905 ## - TIPO DE MATERIAL
Tipo de material Articulo

No items available.